| 000 | 00642nam a2200205 a 4500 | ||
|---|---|---|---|
| 001 | 2418 | ||
| 003 | CDMR | ||
| 005 | 20131129131332.0 | ||
| 008 | 130130s1983||||||||||||||||||||||||||||d | ||
| 020 | _a8485887131 | ||
| 040 |
_aCDMR _bcat _cCDMR |
||
| 100 | 1 |
_aPross, Harry _9962 |
|
| 245 | 1 | 3 |
_aLa violencia de los símbolos sociales _cHarry Pross ; versión castellana y presentación de Vicente Romano García |
| 260 |
_aBarcelona _c1983 _bAnthropos |
||
| 490 | 0 |
_aConciencia y Libertad _v1 |
|
| 650 | 0 | 4 |
_94376 _aSímbols |
| 650 | 0 | 4 |
_92305 _aComunicació _xAspectes polítics |
| 650 | 0 | 4 |
_94289 _aComunicació _xAspectes socials |
| 942 |
_cMON _2udc |
||
| 999 |
_c2418 _d2418 |
||